[Event "World Youth & Cadets Blitz Championships"]
[Site "Rhodes, Greece"]
[Date "2022.05.03"]
[Round "5.6"]
[White "Hercegovac, Neven"]
[Black "Rakhmatullaev, Almas"]
[Result "0-1"]
[TimeControl "5'/game & 2\"/move"]
[WhiteElo "2003"]
[BlackElo "1956"]

1. e4 {[%clk 00:05:03]} e5 {[%clk 00:04:58]} {[%emt 00:00:07]} 2. Nf3 {[%clk
00:05:04]} {[%emt 00:00:01]} Nc6 {[%clk 00:04:59]} 3. Bc4 {[%clk 00:05:05]}
{[%emt 00:00:01]} Nf6 {[%clk 00:04:59]} {[%emt 00:00:01]} 4. d4 {[%clk
00:05:06]} {[%emt 00:00:01]} exd4 {[%clk 00:04:55]} {[%emt 00:00:07]} 5. e5
{[%clk 00:05:07]} d5 {[%clk 00:04:55]} {[%emt 00:00:02]} 6. Bb5 {[%clk
00:05:08]} Ne4 {[%clk 00:04:55]} {[%emt 00:00:01]} 7. Nxd4 {[%clk 00:05:08]}
{[%emt 00:00:02]} Bd7 {[%clk 00:04:56]} {[%emt 00:00:01]} 8. Bxc6 {[%clk
00:05:09]} {[%emt 00:00:02]} bxc6 {[%clk 00:04:56]} {[%emt 00:00:02]} 9. O-O
{[%clk 00:05:09]} {[%emt 00:00:02]} Bc5 {[%clk 00:04:41]} {[%emt 00:00:16]} 10.
Be3 {[%clk 00:05:10]} {[%emt 00:00:02]} Bb6 {[%clk 00:04:37]} {[%emt 00:00:05]}
11. Nd2 {[%clk 00:05:10]} {[%emt 00:00:02]} c5 {[%clk 00:04:24]} {[%emt
00:00:16]} 12. Nxe4 {[%clk 00:04:51]} {[%emt 00:00:20]} cxd4 {[%clk 00:04:15]}
{[%emt 00:00:12]} 13. Bg5 {[%clk 00:04:52]} {[%emt 00:00:01]} Qc8 {[%clk
00:04:09]} {[%emt 00:00:08]} 14. Ng3 {[%clk 00:04:52]} {[%emt 00:00:01]} h6
{[%clk 00:03:58]} {[%emt 00:00:13]} 15. Bf4 {[%clk 00:04:52]} {[%emt 00:00:02]}
c5 {[%clk 00:03:49]} {[%emt 00:00:11]} 16. Qc1 {[%clk 00:04:20]} {[%emt
00:00:34]} Qc6 {[%clk 00:03:43]} {[%emt 00:00:08]} 17. Re1 {[%clk 00:03:15]}
{[%emt 00:01:08]} Qg6 {[%clk 00:03:32]} {[%emt 00:00:13]} 18. a4 {[%clk
00:03:06]} {[%emt 00:00:12]} a5 {[%clk 00:03:30]} {[%emt 00:00:03]} 19. Ra3
{[%clk 00:02:30]} {[%emt 00:00:37]} c4 {[%clk 00:03:22]} {[%emt 00:00:10]} 20.
Ne2 {[%clk 00:01:58]} {[%emt 00:00:35]} d3 {[%clk 00:02:15]} {[%emt 00:01:09]}
21. cxd3 {[%clk 00:01:53]} {[%emt 00:00:07]} cxd3 {[%clk 00:02:16]} 22. Nc3
{[%clk 00:01:10]} {[%emt 00:00:45]} Bc6 {[%clk 00:02:16]} {[%emt 00:00:02]} 23.
Bg3 {[%clk 00:00:54]} {[%emt 00:00:18]} O-O {[%clk 00:02:09]} {[%emt 00:00:08]}
24. Qd2 {[%clk 00:00:49]} {[%emt 00:00:08]} Bc5 {[%clk 00:02:06]} {[%emt
00:00:04]} 25. Raa1 {[%clk 00:00:47]} {[%emt 00:00:05]} d4 {[%clk 00:02:04]}
{[%emt 00:00:04]} 26. Nb5 {[%clk 00:00:44]} {[%emt 00:00:05]} Bb4 {[%clk
00:02:02]} {[%emt 00:00:03]} 27. Qf4 {[%clk 00:00:39]} {[%emt 00:00:07]} Bxe1
{[%clk 00:01:49]} {[%emt 00:00:16]} 28. Rxe1 {[%clk 00:00:40]} {[%emt
00:00:01]} Bxb5 {[%clk 00:01:41]} {[%emt 00:00:10]} 29. axb5 {[%clk 00:00:41]}
{[%emt 00:00:01]} Rfd8 {[%clk 00:01:38]} {[%emt 00:00:05]} 30. h4 {[%clk
00:00:34]} {[%emt 00:00:08]} Rab8 {[%clk 00:01:27]} {[%emt 00:00:13]} 31. e6
{[%clk 00:00:20]} {[%emt 00:00:17]} fxe6 {[%clk 00:01:23]} {[%emt 00:00:06]} 32.
Qe5 {[%clk 00:00:17]} {[%emt 00:00:04]} d2 {[%clk 00:00:57]} {[%emt 00:00:28]}
33. Rd1 {[%clk 00:00:12]} {[%emt 00:00:08]} Qc2 {[%clk 00:00:55]} {[%emt
00:00:04]} 34. Qxe6+ {[%clk 00:00:12]} {[%emt 00:00:02]} Kh8 {[%clk 00:00:56]}
{[%emt 00:00:01]} 35. Qe2 {[%clk 00:00:11]} {[%emt 00:00:02]} d3 {[%clk
00:00:40]} {[%emt 00:00:18]} 36. Qxd2 {[%clk 00:00:05]} {[%emt 00:00:08]} Qxd2
{[%clk 00:00:41]} {[%emt 00:00:01]} 37. Rxd2 {[%clk 00:00:06]} {[%emt
00:00:01]} Rxb5 {[%clk 00:00:42]} {[%emt 00:00:01]} 38. f3 {[%clk 00:00:04]}
{[%emt 00:00:04]} Rxb2 {[%clk 00:00:37]} {[%emt 00:00:07]} 39. Rxb2 {[%clk
00:00:04]} {[%emt 00:00:03]} d2 {[%clk 00:00:38]} 40. Rb1 {[%clk 00:00:05]}
{[%emt 00:00:02]} d1=Q+ {[%emt 00:00:04]} 41. Rxd1 {[%clk 00:00:06]} Rxd1+
{[%clk 00:00:38]} {[%emt 00:00:01]} 42. Kf2 {[%clk 00:00:06]} {[%emt 00:00:01]}
Rd2+ {[%clk 00:00:37]} {[%emt 00:00:03]} 43. Kf1 {[%clk 00:00:06]} {[%emt
00:00:02]} a4 {[%clk 00:00:38]} {[%emt 00:00:01]} 44. Be5 {[%clk 00:00:05]}
{[%emt 00:00:03]} a3 {[%clk 00:00:38]} {[%emt 00:00:02]} 45. g4 {[%clk
00:00:05]} {[%emt 00:00:02]} a2 {[%clk 00:00:39]} {[%emt 00:00:02]} 46. Ke1
{[%clk 00:00:06]} Rg2 {[%clk 00:00:35]} {[%emt 00:00:06]} 47. Kf1 {[%clk
00:00:06]} {[%emt 00:00:02]} Rc2 {[%clk 00:00:35]} {[%emt 00:00:01]} 0-1

[Event "World Youth & Cadets Blitz Championships"]
[Site "Rhodes, Greece"]
[Date "2022.05.03"]
[Round "5.7"]
[White "Borrmann, Laurenz"]
[Black "Gregoric, Andraz"]
[Result "1-0"]
[TimeControl "5'/game & 2\"/move"]
[WhiteElo "1990"]
[BlackElo "1948"]

1. Nf3 {[%clk 00:05:03]} Nf6 {[%clk 00:05:04]} {[%emt 00:00:01]} 2. g3 {[%clk
00:05:04]} b5 {[%clk 00:05:04]} {[%emt 00:00:02]} 3. Bg2 {[%clk 00:05:04]}
{[%emt 00:00:01]} Bb7 {[%clk 00:05:06]} 4. O-O {[%clk 00:04:57]} {[%emt
00:00:09]} g6 {[%clk 00:05:04]} {[%emt 00:00:04]} 5. d4 {[%clk 00:04:52]}
{[%emt 00:00:07]} Bg7 {[%clk 00:04:57]} {[%emt 00:00:08]} 6. Re1 {[%clk
00:04:42]} {[%emt 00:00:12]} d5 {[%clk 00:04:52]} {[%emt 00:00:07]} 7. a4
{[%clk 00:04:38]} {[%emt 00:00:07]} a6 {[%clk 00:04:50]} {[%emt 00:00:04]} 8.
Nbd2 {[%clk 00:04:34]} {[%emt 00:00:05]} O-O {[%clk 00:04:47]} {[%emt
00:00:05]} 9. Nb3 {[%clk 00:04:33]} {[%emt 00:00:03]} Ne4 {[%clk 00:04:04]}
{[%emt 00:00:45]} 10. Nfd2 {[%clk 00:04:04]} {[%emt 00:00:31]} Nd6 {[%clk
00:03:31]} {[%emt 00:00:36]} 11. Nc5 {[%clk 00:03:57]} {[%emt 00:00:09]} Bc6
{[%clk 00:03:28]} {[%emt 00:00:05]} 12. Ndb3 {[%clk 00:03:30]} {[%emt
00:00:28]} Nd7 {[%clk 00:03:25]} {[%emt 00:00:06]} 13. Na5 {[%clk 00:03:25]}
{[%emt 00:00:07]} Nb8 {[%clk 00:02:46]} {[%emt 00:00:41]} 14. Nxc6 {[%clk
00:03:07]} {[%emt 00:00:20]} Nxc6 {[%clk 00:02:46]} {[%emt 00:00:02]} 15. c3
{[%clk 00:03:07]} {[%emt 00:00:02]} e6 {[%clk 00:02:45]} {[%emt 00:00:03]} 16.
e4 {[%clk 00:02:52]} {[%emt 00:00:17]} Nc4 {[%clk 00:01:36]} {[%emt 00:01:12]}
17. axb5 {[%clk 00:02:43]} {[%emt 00:00:10]} axb5 {[%clk 00:01:35]} {[%emt
00:00:03]} 18. Rxa8 {[%clk 00:02:42]} {[%emt 00:00:03]} Qxa8 {[%clk 00:01:35]}
{[%emt 00:00:02]} 19. exd5 {[%clk 00:02:42]} {[%emt 00:00:02]} Ne7 {[%clk
00:00:56]} {[%emt 00:00:41]} 20. dxe6 {[%clk 00:02:16]} {[%emt 00:00:28]} c6
{[%clk 00:00:58]} 21. b3 {[%clk 00:01:51]} {[%emt 00:00:26]} Nd6 {[%clk
00:00:59]} 22. Bf4 {[%clk 00:01:46]} {[%emt 00:00:07]} Ndf5 {[%emt 00:00:06]}
23. exf7+ {[%clk 00:01:39]} {[%emt 00:00:09]} Rxf7 {[%clk 00:00:56]} 24. Ne6
{[%clk 00:01:38]} {[%emt 00:00:02]} Bf6 {[%clk 00:00:45]} {[%emt 00:00:14]} 25.
Be5 {[%clk 00:01:34]} {[%emt 00:00:06]} Bxe5 {[%clk 00:00:39]} {[%emt
00:00:08]} 26. dxe5 {[%clk 00:01:27]} {[%emt 00:00:09]} Nd5 {[%clk 00:00:29]}
{[%emt 00:00:12]} 27. c4 {[%clk 00:01:23]} {[%emt 00:00:05]} bxc4 {[%clk
00:00:30]} {[%emt 00:00:02]} 28. bxc4 {[%clk 00:01:24]} Nb6 {[%clk 00:00:28]}
{[%emt 00:00:05]} 29. Qb3 {[%clk 00:01:08]} {[%emt 00:00:17]} Nd7 {[%clk
00:00:25]} {[%emt 00:00:06]} 30. Nc7 {[%clk 00:01:00]} {[%emt 00:00:10]} Qa5
{[%clk 00:00:26]} {[%emt 00:00:02]} 31. Rf1 {[%clk 00:00:55]} {[%emt 00:00:06]}
Qxc7 {[%clk 00:00:26]} {[%emt 00:00:02]} 32. e6 {[%clk 00:00:56]} {[%emt
00:00:01]} Re7 {[%clk 00:00:22]} {[%emt 00:00:07]} 33. exd7 {[%clk 00:00:56]}
{[%emt 00:00:01]} Qxd7 {[%clk 00:00:22]} {[%emt 00:00:03]} 34. Rd1 {[%clk
00:00:53]} {[%emt 00:00:05]} Qe6 {[%clk 00:00:20]} {[%emt 00:00:03]} 35. h4
{[%clk 00:00:49]} {[%emt 00:00:05]} h5 {[%clk 00:00:21]} {[%emt 00:00:02]} 36.
Qd3 {[%clk 00:00:43]} {[%emt 00:00:07]} Kg7 {[%clk 00:00:21]} {[%emt 00:00:03]}
37. Qc3+ {[%clk 00:00:43]} {[%emt 00:00:02]} Kh7 {[%clk 00:00:20]} {[%emt
00:00:03]} 38. Rd8 {[%clk 00:00:40]} {[%emt 00:00:05]} Qe1+ {[%clk 00:00:15]}
{[%emt 00:00:07]} 39. Qxe1 {[%clk 00:00:39]} {[%emt 00:00:02]} Rxe1+ {[%clk
00:00:17]} 40. Bf1 {[%clk 00:00:35]} {[%emt 00:00:06]} Re5 {[%clk 00:00:15]}
{[%emt 00:00:04]} 41. Rd7+ {[%clk 00:00:31]} {[%emt 00:00:06]} Kh6 {[%clk
00:00:17]} {[%emt 00:00:01]} 42. Kg2 {[%clk 00:00:28]} {[%emt 00:00:04]} c5
{[%clk 00:00:17]} {[%emt 00:00:03]} 43. Rd5 {[%clk 00:00:26]} {[%emt 00:00:03]}
Rxd5 {[%clk 00:00:09]} {[%emt 00:00:10]} 44. cxd5 {[%clk 00:00:27]} Kg7 {[%clk
00:00:07]} {[%emt 00:00:05]} 45. Kf3 {[%clk 00:00:26]} {[%emt 00:00:02]} Kf6
{[%clk 00:00:08]} 46. Kf4 {[%clk 00:00:25]} {[%emt 00:00:04]} Nd6 {[%clk
00:00:10]} 47. Bd3 {[%clk 00:00:23]} {[%emt 00:00:03]} Ne8 {[%clk 00:00:09]}
{[%emt 00:00:02]} 48. f3 {[%clk 00:00:22]} {[%emt 00:00:04]} Nd6 {[%clk
00:00:10]} {[%emt 00:00:02]} 49. g4 {[%clk 00:00:22]} {[%emt 00:00:01]} hxg4
{[%clk 00:00:10]} {[%emt 00:00:02]} 50. fxg4 {[%clk 00:00:23]} Ne8 {[%clk
00:00:11]} {[%emt 00:00:01]} 51. g5+ {[%clk 00:00:23]} {[%emt 00:00:01]} Kg7
{[%emt 00:00:09]} 52. Ke5 Kf7 {[%clk 00:00:04]} {[%emt 00:00:05]} 53. d6 {[%clk
00:00:22]} {[%emt 00:00:02]} Ng7 {[%emt 00:00:03]} 54. d7 {[%clk 00:00:22]}
{[%emt 00:00:02]} Ke7 {[%clk 00:00:06]} {[%emt 00:00:01]} 55. Bxg6 {[%clk
00:00:21]} {[%emt 00:00:02]} Kxd7 {[%clk 00:00:07]} {[%emt 00:00:01]} 56. h5
{[%clk 00:00:20]} {[%emt 00:00:02]} Ke7 {[%clk 00:00:04]} {[%emt 00:00:06]} 57.
h6 {[%clk 00:00:16]} {[%emt 00:00:06]} Ne6 {[%emt 00:00:03]} 58. h7 {[%emt
00:00:03]} Nf8 {[%clk 00:00:03]} 59. Be4 {[%clk 00:00:15]} {[%emt 00:00:02]}
Nd7+ {[%clk 00:00:03]} {[%emt 00:00:04]} 60. Kd5 {[%clk 00:00:14]} {[%emt
00:00:03]} Nb6+ {[%clk 00:00:00]} {[%emt 00:00:03]} 61. Kxc5 {[%emt 00:00:07]}
1-0

[Event "World Youth & Cadets Blitz Championships"]
[Site "Rhodes, Greece"]
[Date "2022.05.03"]
[Round "5.8"]
[White "Franc, Borna"]
[Black "Laux, Dominik"]
[Result "0-1"]
[TimeControl "5'/game & 2\"/move"]
[WhiteElo "1901"]
[BlackElo "2231"]

1. e4 {[%clk 00:05:03]} c6 {[%clk 00:05:04]} {[%emt 00:00:01]} 2. d4 {[%clk
00:05:04]} d5 {[%clk 00:05:05]} {[%emt 00:00:01]} 3. exd5 {[%clk 00:05:05]}
{[%emt 00:00:01]} cxd5 {[%clk 00:05:06]} {[%emt 00:00:01]} 4. Nf3 {[%clk
00:05:07]} {[%emt 00:00:01]} Nc6 {[%clk 00:04:53]} {[%emt 00:00:14]} 5. Bd3
{[%clk 00:05:07]} {[%emt 00:00:02]} Bg4 {[%clk 00:04:48]} {[%emt 00:00:07]} 6.
c3 {[%clk 00:05:07]} {[%emt 00:00:01]} e6 {[%clk 00:04:35]} {[%emt 00:00:16]} 7.
Bf4 {[%clk 00:05:08]} Bd6 {[%clk 00:04:26]} {[%emt 00:00:10]} 8. Bxd6 {[%clk
00:05:08]} {[%emt 00:00:02]} Qxd6 {[%clk 00:04:28]} {[%emt 00:00:01]} 9. O-O
{[%clk 00:05:08]} {[%emt 00:00:02]} Nf6 {[%clk 00:04:29]} 10. Nbd2 {[%clk
00:05:09]} O-O {[%clk 00:04:29]} {[%emt 00:00:01]} 11. Re1 {[%clk 00:05:11]}
Rab8 {[%clk 00:04:24]} {[%emt 00:00:08]} 12. Qa4 {[%clk 00:05:07]} {[%emt
00:00:05]} Bh5 {[%clk 00:04:20]} {[%emt 00:00:06]} 13. Ne5 {[%clk 00:05:08]}
{[%emt 00:00:01]} Rfc8 {[%clk 00:04:21]} {[%emt 00:00:01]} 14. Nf1 {[%clk
00:05:02]} {[%emt 00:00:08]} Bg6 {[%clk 00:04:20]} {[%emt 00:00:03]} 15. Bxg6
{[%clk 00:04:51]} {[%emt 00:00:13]} hxg6 {[%clk 00:04:21]} {[%emt 00:00:02]} 16.
Qd1 {[%clk 00:04:24]} {[%emt 00:00:29]} b5 {[%clk 00:04:19]} {[%emt 00:00:04]}
17. Re3 {[%clk 00:04:21]} {[%emt 00:00:04]} b4 {[%clk 00:04:16]} {[%emt
00:00:04]} 18. Ng4 {[%clk 00:04:19]} {[%emt 00:00:04]} Nd7 {[%clk 00:03:16]}
{[%emt 00:01:04]} 19. Rh3 {[%clk 00:04:05]} {[%emt 00:00:15]} bxc3 {[%clk
00:03:14]} {[%emt 00:00:04]} 20. bxc3 {[%clk 00:04:06]} {[%emt 00:00:01]} Ne7
{[%clk 00:03:09]} {[%emt 00:00:06]} 21. Qd2 {[%clk 00:03:40]} {[%emt 00:00:29]}
Rb6 {[%clk 00:02:25]} {[%emt 00:00:46]} 22. Nh6+ {[%clk 00:02:54]} {[%emt
00:00:47]} Kf8 {[%clk 00:01:49]} {[%emt 00:00:38]} 23. Ng4 {[%clk 00:02:23]}
{[%emt 00:00:34]} f6 {[%clk 00:01:40]} {[%emt 00:00:11]} 24. Re1 {[%clk
00:02:04]} {[%emt 00:00:21]} Kf7 {[%clk 00:01:33]} {[%emt 00:00:09]} 25. Rh7
{[%clk 00:01:42]} {[%emt 00:00:23]} Kg8 {[%clk 00:01:31]} {[%emt 00:00:05]} 26.
Rh3 {[%clk 00:01:43]} Rbc6 {[%clk 00:01:21]} {[%emt 00:00:12]} 27. Rhe3 {[%clk
00:01:31]} {[%emt 00:00:14]} Nf8 {[%clk 00:01:19]} {[%emt 00:00:05]} 28. Rh3
{[%clk 00:01:19]} {[%emt 00:00:13]} Qc7 {[%clk 00:01:15]} {[%emt 00:00:06]} 29.
Qc2 {[%clk 00:00:50]} {[%emt 00:00:31]} Rxc3 {[%clk 00:01:08]} {[%emt
00:00:09]} 30. Rxc3 {[%clk 00:00:51]} Qxc3 {[%clk 00:01:09]} {[%emt 00:00:01]}
31. Qxc3 {[%clk 00:00:52]} Rxc3 {[%clk 00:01:10]} 32. Rxe6 {[%clk 00:00:43]}
{[%emt 00:00:02]} 0-1

[Event "World Youth & Cadets Blitz Championships"]
[Site "Rhodes, Greece"]
[Date "2022.05.03"]
[Round "5.9"]
[White "Krawczyk, Flawian"]
[Black "Gurel, Ediz"]
[Result "0-1"]
[TimeControl "5'/game & 2\"/move"]
[WhiteElo "1883"]
[BlackElo "1726"]

1. d4 {[%clk 00:05:04]} d5 {[%clk 00:05:04]} {[%emt 00:00:01]} 2. Nf3 {[%clk
00:05:02]} {[%emt 00:00:03]} Nf6 {[%emt 00:00:02]} 3. g3 {[%clk 00:05:03]} Bf5
{[%clk 00:05:02]} {[%emt 00:00:05]} 4. Bg2 {[%clk 00:05:04]} {[%emt 00:00:02]}
e6 {[%clk 00:05:03]} {[%emt 00:00:01]} 5. O-O {[%clk 00:05:03]} {[%emt
00:00:01]} Be7 {[%clk 00:05:02]} {[%emt 00:00:03]} 6. c4 {[%clk 00:05:04]}
{[%emt 00:00:02]} c6 {[%clk 00:04:58]} {[%emt 00:00:06]} 7. cxd5 {[%clk
00:04:41]} {[%emt 00:00:25]} exd5 {[%clk 00:04:58]} {[%emt 00:00:02]} 8. Nc3
{[%clk 00:04:42]} {[%emt 00:00:01]} O-O {[%clk 00:04:57]} {[%emt 00:00:03]} 9.
Bf4 {[%clk 00:04:40]} {[%emt 00:00:04]} Nbd7 {[%clk 00:04:50]} {[%emt
00:00:09]} 10. h3 {[%clk 00:04:41]} h6 {[%clk 00:04:48]} {[%emt 00:00:04]} 11.
g4 {[%clk 00:04:39]} {[%emt 00:00:04]} Bh7 {[%clk 00:04:40]} {[%emt 00:00:10]}
12. e3 {[%clk 00:04:40]} Ne4 {[%clk 00:04:33]} {[%emt 00:00:09]} 13. Nxe4
{[%clk 00:04:27]} {[%emt 00:00:14]} Bxe4 {[%clk 00:04:34]} {[%emt 00:00:02]} 14.
Nd2 {[%clk 00:04:27]} {[%emt 00:00:02]} Bh7 {[%clk 00:04:28]} {[%emt 00:00:08]}
15. Bg3 {[%clk 00:04:18]} {[%emt 00:00:11]} Re8 {[%clk 00:04:27]} {[%emt
00:00:03]} 16. Re1 {[%clk 00:04:14]} {[%emt 00:00:07]} Bh4 {[%clk 00:04:17]}
{[%emt 00:00:11]} 17. Nf1 {[%clk 00:04:15]} {[%emt 00:00:02]} Bxg3 {[%clk
00:04:00]} {[%emt 00:00:18]} 18. Nxg3 {[%clk 00:04:15]} {[%emt 00:00:01]} Qe7
{[%clk 00:04:00]} {[%emt 00:00:02]} 19. Qd2 {[%clk 00:04:07]} {[%emt 00:00:10]}
Nf6 {[%clk 00:03:22]} {[%emt 00:00:11]} 20. Rac1 {[%clk 00:03:52]} Bg6 {[%clk
00:03:22]} 21. Qe2 {[%clk 00:03:52]} {[%emt 00:00:51]} Qd6 {[%clk 00:03:20]} 22.
Bf3 {[%clk 00:03:06]} {[%emt 00:00:50]} Re7 {[%clk 00:03:09]} 23. Qd2 {[%clk
00:03:00]} {[%emt 00:00:22]} Rae8 {[%clk 00:03:08]} 24. b4 {[%clk 00:03:01]}
{[%emt 00:00:05]} Nh7 {[%emt 00:00:16]} 25. Bg2 {[%clk 00:02:53]} {[%emt
00:00:08]} Ng5 {[%emt 00:00:13]} 26. a4 {[%clk 00:02:45]} {[%emt 00:00:05]} Ne4
{[%clk 00:02:31]} {[%emt 00:00:21]} 27. Nxe4 {[%clk 00:02:44]} {[%emt
00:00:02]} Bxe4 {[%clk 00:02:31]} {[%emt 00:00:03]} 28. b5 {[%clk 00:02:32]}
{[%emt 00:00:14]} Bxg2 {[%clk 00:02:25]} {[%emt 00:00:08]} 29. Kxg2 {[%clk
00:02:33]} {[%emt 00:00:01]} h5 {[%clk 00:02:24]} {[%emt 00:00:03]} 30. bxc6
{[%clk 00:02:08]} {[%emt 00:00:27]} bxc6 {[%clk 00:02:25]} {[%emt 00:00:01]} 31.
Qd3 {[%clk 00:02:09]} {[%emt 00:00:01]} Re4 {[%clk 00:02:16]} {[%emt 00:00:11]}
32. f3 {[%clk 00:02:07]} {[%emt 00:00:04]} R4e6 {[%clk 00:02:15]} {[%emt
00:00:03]} 33. Re2 {[%clk 00:00:56]} {[%emt 00:01:13]} hxg4 {[%clk 00:01:48]}
{[%emt 00:00:29]} 34. hxg4 {[%clk 00:00:57]} {[%emt 00:00:01]} Rh6 {[%clk
00:01:48]} {[%emt 00:00:02]} 35. Rh1 {[%clk 00:00:31]} {[%emt 00:00:28]} Rxh1
{[%clk 00:01:36]} {[%emt 00:00:14]} 36. Kxh1 {[%clk 00:00:31]} {[%emt
00:00:02]} Qg3 {[%clk 00:01:37]} {[%emt 00:00:01]} 37. Qf5 {[%clk 00:00:26]}
{[%emt 00:00:07]} g6 {[%clk 00:01:31]} {[%emt 00:00:08]} 38. Qf6 {[%clk
00:00:06]} {[%emt 00:00:22]} Re6 {[%clk 00:01:32]} 39. Qd8+ {[%clk 00:00:07]}
Kg7 {[%clk 00:01:34]} {[%emt 00:00:01]} 40. Rg2 {[%clk 00:00:05]} {[%emt
00:00:03]} Qxf3 {[%clk 00:01:28]} {[%emt 00:00:07]} 41. Qb8 {[%clk 00:00:05]}
{[%emt 00:00:03]} Rxe3 {[%clk 00:01:26]} {[%emt 00:00:04]} 42. Qb4 {[%clk
00:00:06]} Re2 {[%clk 00:01:21]} {[%emt 00:00:07]} 0-1

[Event "World Youth & Cadets Blitz Championships"]
[Site "Rhodes, Greece"]
[Date "2022.05.03"]
[Round "5.10"]
[White "Hagner, Bennet"]
[Black "Sapenov, Daniyal"]
[Result "0-1"]
[TimeControl "5'/game & 2\"/move"]
[WhiteElo "2044"]
[BlackElo "1877"]

1. e4 {[%clk 00:05:03]} c6 {[%clk 00:05:03]} {[%emt 00:00:01]} 2. d4 {[%clk
00:05:04]} {[%emt 00:00:01]} d5 {[%clk 00:05:04]} {[%emt 00:00:01]} 3. e5
{[%clk 00:05:05]} {[%emt 00:00:01]} Bf5 {[%clk 00:05:05]} {[%emt 00:00:01]} 4.
Nf3 {[%clk 00:05:06]} {[%emt 00:00:01]} e6 {[%clk 00:05:07]} 5. Be2 {[%clk
00:05:07]} c5 {[%clk 00:05:08]} {[%emt 00:00:01]} 6. Be3 {[%clk 00:05:06]}
{[%emt 00:00:03]} Qb6 {[%clk 00:05:08]} {[%emt 00:00:01]} 7. Nc3 {[%clk
00:05:06]} {[%emt 00:00:02]} Nc6 {[%clk 00:05:09]} {[%emt 00:00:01]} 8. dxc5
{[%clk 00:04:49]} {[%emt 00:00:19]} Bxc5 {[%clk 00:04:48]} {[%emt 00:00:23]} 9.
Bxc5 {[%clk 00:04:49]} {[%emt 00:00:02]} Qxc5 {[%clk 00:04:48]} {[%emt
00:00:02]} 10. Nb5 {[%clk 00:04:50]} Kf8 {[%clk 00:04:46]} {[%emt 00:00:04]} 11.
Nbd4 {[%clk 00:04:34]} {[%emt 00:00:18]} Nxd4 {[%clk 00:04:17]} {[%emt
00:00:32]} 12. Nxd4 {[%clk 00:04:22]} {[%emt 00:00:14]} Ne7 {[%clk 00:04:16]}
{[%emt 00:00:03]} 13. O-O {[%clk 00:03:45]} {[%emt 00:00:38]} Bg6 {[%clk
00:04:09]} {[%emt 00:00:10]} 14. Rc1 {[%clk 00:03:16]} {[%emt 00:00:30]} Nc6
{[%clk 00:03:40]} {[%emt 00:00:32]} 15. Nxc6 {[%clk 00:01:59]} {[%emt
00:01:19]} bxc6 {[%emt 00:00:05]} 16. c4 {[%clk 00:02:00]} d4 {[%clk 00:03:19]}
{[%emt 00:00:21]} 17. Bf3 {[%clk 00:01:58]} {[%emt 00:00:04]} Rb8 {[%clk
00:02:31]} {[%emt 00:00:50]} 18. Qa4 {[%clk 00:01:58]} {[%emt 00:00:01]} Ke7
{[%clk 00:02:15]} {[%emt 00:00:18]} 19. Bxc6 {[%clk 00:01:46]} {[%emt
00:00:15]} Rxb2 {[%clk 00:02:03]} {[%emt 00:00:14]} 20. Bb5 {[%clk 00:01:18]}
{[%emt 00:00:29]} Rd8 {[%clk 00:01:51]} {[%emt 00:00:15]} 21. Qa6 {[%clk
00:01:17]} {[%emt 00:00:03]} d3 {[%clk 00:01:21]} {[%emt 00:00:32]} 22. Rcd1
{[%clk 00:01:18]} Kf8 {[%clk 00:00:57]} {[%emt 00:00:26]} 23. Qa5 {[%clk
00:01:13]} {[%emt 00:00:07]} Rc8 {[%clk 00:00:32]} {[%emt 00:00:27]} 24. Qe1
{[%clk 00:00:44]} {[%emt 00:00:31]} Re2 {[%clk 00:00:23]} {[%emt 00:00:12]} 25.
Qa5 {[%clk 00:00:36]} {[%emt 00:00:10]} Kg8 {[%clk 00:00:22]} {[%emt 00:00:02]}
26. Rd2 {[%clk 00:00:31]} {[%emt 00:00:07]} Rxe5 {[%clk 00:00:17]} {[%emt
00:00:07]} 27. Rfd1 {[%clk 00:00:19]} {[%emt 00:00:14]} h6 {[%clk 00:00:18]}
{[%emt 00:00:01]} 28. a4 {[%clk 00:00:16]} {[%emt 00:00:04]} Re2 {[%clk
00:00:20]} 29. Qc3 {[%clk 00:00:15]} {[%emt 00:00:03]} Qxf2+ {[%clk 00:00:20]}
{[%emt 00:00:02]} 0-1